LEADER 01343nam a2200301 i 4500 001 000000194440 003 CaOOAMICUS 005 20101217000000.0 008 101217s2010 it u000 u ita u 013 $a173092 020 $a978-88-459-2517-7 040 $aSeMil$bita 100 1 $aPetrèment, Simone,$d<1907-1992>.$0(OLS)http://semarc/name/70644 240 13$aLa vie de Simone Weil.$0(OLS)http://semarc/title/280352 245 13$aLa vita di Simone Weil /$cSimone Petrèment ; a cura di Maria Concetta Sala ; con una nota di Giancarlo Gaeta. 260 $aMilano :$bAdelphi,$c2010. 300 $aXXIV, 684 p., [10] p. di tav. :$bfotogr. ;$c20 cm. 490 0 $aGli Adelphi ;$v374 600 14$aWeil, Simone <1909-1943>.$0(OLS)http://semarc/subject/8687 700 1 $aGaeta, Giancarlo,$d<1942- >.$0(OLS)http://semarc/name/8707 700 1 $aSala, Maria Concetta.$0(OLS)http://semarc/name/70645 830 4$aGli Adelphi ;$v374.$0(OLS)http://semarc/title/7075 850 $aSeMil 852 $aSeMil$W1$xVenegono$y1$m2P II 764$j145014$B145014$CSeMilBibl$Z2$F157644 $81 961 $aAcquisto: Città Nuova (Agente) 996 $6020$a978-88-459-2517-7$9(OLS)http://semarc/number/185957 996 $6245$aLa vita di Simone Weil$9(OLS)http://semarc/title/280351 996 $6260$aMilano :$bAdelphi$9(OLS)http://semarc/publisher/30018 LEADER 01414nam a2200277 i 4500 001 000000065399 003 CaOOAMICUS 005 20230703144634.0 008 130522s1893 it u000 u ita u 040 $aSeMil$bita 100 1 $aCappellazzi, Andrea,$c.$0(OLS)http://semarc/name/5926 245 13$aLa dottrina di San Tomaso sulla conoscenza che Dio ha delle cose :$bstudio /$cdel sacerdote Andrea Cappellazzi. 260 $aParma :$bTip. vescovile Fiaccadori,$c1893. 300 $a72 p. ;$c17 cm. 650 4$aTomismo.$0(OLS)http://semarc/subject/728 650 4$aTommaso : d'Aquino - Gnoseologia.$0(OLS)http://semarc/subject/9418 850 $aSeMil 852 $aSeMil$W1$xVenegono$y1$m2N I 13 FA$j31552$B31552$CSeMilBibl$Z2$F31555 $8I 852 $aSeMil$W1$xVenegono$y1$m5A IV 10/13$j241923$B245836$CSeMilBibl$Z2$F245836 $8I 961 $aRecupero da Biblioteca Seminario liceale - Monza 961 $aEtichetta della Biblioteca del Seminario liceale di Monza 961 $aEtichetta della Biblioteca del Seminario liceale di Monza 961 $aRecupero da Biblioteca Seminario liceale - Monza 996 $6245$aLa dottrina di San Tomaso sulla conoscenza che Dio ha delle cose :$bstudio$9(OLS)http://semarc/title/103771 996 $6260$aParma :$bTip. vescovile Fiaccadori$9(OLS)http://semarc/publisher/42598